Y más aún canciones y otros juegos / (Record no. 192101)

MARC details
000 -LEADER
campo de control de longitud fija 00903cam a2200277 i 4500
001 - NÚMERO DE CONTROL
campo de control 192101
003 - IDENTIFICADOR DE NÚMERO DE CONTROL
campo de control SpMaBN
005 - FECHA Y HORA DE LA ÚLTIMA TRANSACCIÓN
campo de control 20250523062606.0
008 - DATOS DE LONGITUD FIJA--INFORMACIÓN GENERAL
campo de control de longitud fija 221104s2008 sp | |||| 000 p spa
017 ## - NÚMERO DE COPYRIGHT O DE DEPÓSITO LEGAL
Número de copyright o de depósito legal M 53335-2008
Agencia que asigna Oficina Depósito Legal Madrid
020 ## - NÚMERO INTERNACIONAL ESTÁNDAR DEL LIBRO
Número Internacional Estándar del Libro 9788485708796
040 ## - FUENTE DE CATALOGACIÓN
Centro/agencia transcriptor SpMaBN
080 ## - NÚMERO DE LA CLASIFICACIÓN DECIMAL UNIVERSAL
Número de la Clasificación Decimal Universal 821.134.2-14"19"
100 1# - ENTRADA PRINCIPAL--NOMBRE DE PERSONA
Nombre de persona García Calvo, Agustín,
Fechas asociadas al nombre 1926-2012
Término indicativo de función/relación Autor
9 (RLIN) 233841
245 10 - MENCIÓN DEL TÍTULO
Título Y más aún canciones y otros juegos /
Mención de responsabilidad, etc. Agustín García Calvo.
250 ## - MENCION DE EDICION
Mención de edición Primera edición, diciembre de 2008
260 ## - PUBLICACIÓN, DISTRIBUCIÓN, ETC.
Lugar de publicación, distribución, etc. Zamora :
Nombre del editor, distribuidor, etc. Lucina,
Fecha de publicación, distribución, etc. 2008
300 ## - DESCRIPCIÓN FÍSICA
Extensión 133 páginas ;
Dimensiones 19 cm.
490 1# - MENCIÓN DE SERIE
Mención de serie Poesía
655 #7 - TERMINO DE INDIZACIÓN--GENERO/FORMA
Datos o término principal de género/forma Poesías
Fuente del término tgfbne
9 (RLIN) 176539
830 1# - PUNTO DE ACCESO ADICIONAL DE SERIE-TÍTULO UNIFORME
Título uniforme Poesía
9 (RLIN) 177794
852 4# - LOCALIZACIÓN
Ubicación ES-MaACL
Número de control de estantería N-8068
Encuadernación Donación: Sabela García
itemnumber 199383
Ubicación en estantería Depósito J
Sublocalización o colección R. 152837
942 ## - ELEMENTOS DE ENTRADA SECUNDARIOS (KOHA)
Tipo de ítem Koha Libro impreso
Suprimir en OPAC No
Holdings
Estatus retirado Estado de pérdida Fuente del sistema de clasificación o colocación Estado de daño No para préstamo Biblioteca de origen Biblioteca actual Ubicación en estantería Fecha de adquisición Fuente de adquisición Número de control de estantería Total de préstamos Signatura topográfica completa Código de barras Visto por última vez Tipo de ítem Koha
    Clasificación decimal universal     Biblioteca del Ateneo de Madrid Biblioteca del Ateneo de Madrid Depósito J 04/11/2022 Donación Ateneísta   N-8068 101206511 23/02/2023 Libro impreso